Study reveals pollution hits poorer areas most (Record no. 68919)

MARC details
000 -LEADER
fixed length control field 01450cam a2200265 4500
001 - CONTROL NUMBER
control field ABS64843
008 - FIXED-LENGTH DATA ELEMENTS--GENERAL INFORMATION
fixed length control field 011122n2001 000 0 eng u
035 ## - SYSTEM CONTROL NUMBER
System control number (Sirsi) u115708
100 ## - MAIN ENTRY--PERSONAL NAME
Personal name Niven, R.
245 ## - TITLE STATEMENT
Title Study reveals pollution hits poorer areas most
260 ## - PUBLICATION, DISTRIBUTION, ETC.
Date of publication, distribution, etc. 2001
490 ## - SERIES STATEMENT
Series statement Planning (for the Natural and Built Environment)
Volume/sequential designation (1443) 9 November 2001, 9(1)
520 ## - SUMMARY, ETC.
Summary, etc. Friends of the Earth (FoE) have published a report which finds that pollution caused by traffic is worse in deprived areas. FoE warns that transport policies should be revised to address the links between transport and social exclusion. The group is urging local authorities to take on the problem by mapping transport impacts and using local transport plans (LTPs) to draw up policies to help poorer areas. FoE also wants government to make social exlusion a priority, on a national level, when it reviews its ten-year transport plan. The full report "Environmental justice - mapping transport and social exclusion in Bradford" can be viewed at: http://www.foe.co.uk/campaigns/transport/resource/campaigners.html#map
590 ## - LOCAL NOTE (RLIN)
Local note ABS
650 ## - SUBJECT ADDED ENTRY--TOPICAL TERM
Topical term or geographic name entry element FRIENDS OF THE EARTH
650 ## - SUBJECT ADDED ENTRY--TOPICAL TERM
Topical term or geographic name entry element TRANSPORT POLICIES
650 ## - SUBJECT ADDED ENTRY--TOPICAL TERM
Topical term or geographic name entry element SOCIAL EXCLUSION
650 ## - SUBJECT ADDED ENTRY--TOPICAL TERM
Topical term or geographic name entry element DEPRIVED AREAS
650 ## - SUBJECT ADDED ENTRY--TOPICAL TERM
Topical term or geographic name entry element TRAFFIC POLLUTION
650 ## - SUBJECT ADDED ENTRY--TOPICAL TERM
Topical term or geographic name entry element LOCAL AUTHORITIES
650 ## - SUBJECT ADDED ENTRY--TOPICAL TERM
Topical term or geographic name entry element LOCAL TRANSPORT PLANS
650 ## - SUBJECT ADDED ENTRY--TOPICAL TERM
Topical term or geographic name entry element BRADFORD
690 ## - LOCAL SUBJECT ADDED ENTRY--TOPICAL TERM (OCLC, RLIN)
Topical term or geographic name as entry element TRANSPORT AND COMMUNICATIONS
942 ## - ADDED ENTRY ELEMENTS (KOHA)
Suppress in OPAC 0
Holdings
Withdrawn status Lost status Source of classification or shelving scheme Damaged status Not for loan Home library Current library Shelving location Date acquired Total Checkouts Full call number Barcode Date last seen Copy number Price effective from Koha item type
    Dewey Decimal Classification     London London Journal article 22/11/2001   ABS64843 115708-1001 06/08/2019 1 06/08/2019 Journal article